[Event "Xtracon Chess Open 2017"]
[Site "Helsingor DEN"]
[Date "2017.07.28"]
[Round "8.31"]
[White "Lund, Gunnar"]
[Black "Christiansen, Johan-Sebastian"]
[Result "1-0"]
[BlackTitle "IM"]
[WhiteElo "2051"]
[BlackElo "2471"]
[WhiteFideId "1520814"]
[BlackFideId "1512668"]
[EventDate "2017.07.22"]

1. e4 e5 2. Nf3 Nc6 3. Bc4 Nf6 4. d3 Be7 5. c3 O-O 6. O-O d6 7. Nbd2 Kh8 8. Re1
Nh5 9. d4 f5 10. dxe5 f4 11. exd6 cxd6 12. Nd4 Ne5 13. Ne6 Bxe6 14. Bxe6 f3 15.
Nc4 Qe8 16. Nxe5 dxe5 17. g3 Rd8 18. Qb3 Qg6 19. Bf5 Rxf5 20. exf5 Qxf5 21. Qc4
e4 22. Qf1 Rd6 23. Be3 Rg6 24. Red1 h6 25. c4 Nf6 26. Rd2 Qh5 27. h3 Kh7 28.
Rad1 Qa5 29. a3 Qc7 30. Kh1 Qc8 31. Kh2 b6 32. b4 Qe6 33. Rd4 a5 34. Qe1 axb4
35. axb4 Qf5 36. Bf4 Qe6 37. Rd5 Qc6 38. R5d4 Qc8 39. Be5 Ng8 40. Qxe4 Bxb4 41.
Rd7 Ne7 42. Bxg7 Qc5 43. Bd4 Qg5 44. Re1 Kg8 45. Rxe7 Bxe7 46. Qxe7 1-0

[Event "Xtracon Chess Open 2017"]
[Site "Helsingor DEN"]
[Date "2017.07.28"]
[Round "8.32"]
[White "Kardoeus, David"]
[Black "Percivaldi, Martin"]
[Result "1/2-1/2"]
[BlackTitle "IM"]
[WhiteElo "2165"]
[BlackElo "2433"]
[WhiteFideId "12912050"]
[BlackFideId "1508148"]
[EventDate "2017.07.22"]

1. e4 e6 2. d4 d5 3. Nd2 Nf6 4. e5 Nfd7 5. Bd3 c5 6. c3 Nc6 7. Ne2 cxd4 8. cxd4
f6 9. exf6 Nxf6 10. O-O Bd6 11. Nf3 Qc7 12. Bg5 O-O 13. Bh4 Nh5 14. Qc2 h6 15.
Bh7+ Kh8 16. Bg6 Rxf3 17. Bxh5 Bxh2+ 18. Kh1 Rf5 19. g4 Rxh5 20. gxh5 Qf7 21.
Bg3 Bxg3 22. fxg3 Qxh5+ 23. Kg2 Bd7 24. Rf4 e5 25. Rh1 Qg5 26. dxe5 Nxe5 27. Qd2
Bf5 28. Qxd5 Ng4 29. Qf3 Be6 30. Nc3 Qg6 31. Re1 Bd7 32. Re7 Bc6 33. Ne4 Nf6 34.
Rxf6 gxf6 35. Kh3 Rf8 36. Qf4 Bxe4 37. Rxe4 Rc8 38. Qe3 Qf5+ 39. g4 Qg6 40. Re7
Rd8 41. Kh4 Rg8 42. Qf4 Rg7 43. Re6 Rf7 44. Qb8+ Kh7 45. Re8 Qg7 46. Qxa7 f5 47.
Qa4 Qg5+ 48. Kh3 Rg7 49. Qd4 h5 50. Re5 hxg4+ 51. Kg3 Qh5 52. Re3 Qh3+ 53. Kf4
g3 54. Qxg7+ Kxg7 55. Rxg3+ Qxg3+ 56. Kxg3 Kf6 57. Kf4 Ke6 58. a4 Kf6 59. b4 Ke6
60. a5 Kd5 61. b5 Kc5 62. a6 bxa6 63. bxa6 Kb6 64. Kxf5 Kxa6 1/2-1/2

[Event "Xtracon Chess Open 2017"]
[Site "Helsingor DEN"]
[Date "2017.07.28"]
[Round "8.33"]
[White "Jepson, Christian"]
[Black "Guindy, Esmat Susanne"]
[Result "1-0"]
[WhiteTitle "IM"]
[BlackTitle "WFM"]
[WhiteElo "2421"]
[BlackElo "2158"]
[WhiteFideId "1701185"]
[BlackFideId "1401637"]
[EventDate "2017.07.22"]

1. c4 e6 2. Nf3 d5 3. g3 Nf6 4. Bg2 Be7 5. O-O dxc4 6. Na3 Bxa3 7. bxa3 O-O 8.
Qc2 Nc6 9. Bb2 Qe7 10. Qxc4 e5 11. d4 Be6 12. Qc2 exd4 13. Nxd4 Nxd4 14. Bxd4
Rfb8 15. Bxf6 gxf6 16. Rab1 c6 17. Rb4 Rd8 18. Rh4 f5 19. e4 Qf6 20. Rf4 Rd4 21.
Qc3 Rad8 22. exf5 Bxa2 23. Rg4+ Kf8 24. Re1 Qd6 25. h3 Rxg4 26. hxg4 Qd4 27. Qa5
f6 28. Bf3 Qb6 29. Qc3 Qd4 30. Qc1 Qd6 31. Qh6+ Kg8 32. g5 Qf8 33. Qxf6 Qxf6 34.
gxf6 Kf7 35. Re7+ Kxf6 36. Rxb7 Rd3 37. Bxc6 Rxa3 38. Be4 Bf7 39. g4 Ra4 40. f3
h6 41. Kf2 a5 42. Ke3 Rb4 43. Ra7 a4 44. Kf4 Be8 45. Ra6+ Kg7 46. f6+ Kf8 47.
Ke5 Rc4 48. Ra8 Rc5+ 49. Kd4 Rc1 50. Bg6 1-0

[Event "Xtracon Chess Open 2017"]
[Site "Helsingor DEN"]
[Date "2017.07.28"]
[Round "8.34"]
[White "Zude, Erik"]
[Black "Eriksson, Christian Altenburg"]
[Result "1-0"]
[WhiteTitle "IM"]
[WhiteElo "2421"]
[BlackElo "2156"]
[WhiteFideId "4604644"]
[BlackFideId "1412159"]
[EventDate "2017.07.22"]

1. c4 c5 2. g3 Nc6 3. Bg2 g6 4. Nc3 Bg7 5. a3 d6 6. Rb1 a5 7. Nf3 e6 8. O-O Nge7
9. d3 O-O 10. Bd2 b6 11. e3 Ba6 12. Qc2 Rc8 13. Rfd1 d5 14. Na4 Qc7 15. b3 Rfd8
16. Be1 h6 17. Qe2 Kh7 18. Bc3 d4 19. exd4 Nxd4 20. Bxd4 Bxd4 21. Nxd4 Rxd4 22.
b4 axb4 23. axb4 cxb4 24. Qb2 Qd6 25. Qxb4 Qxb4 26. Rxb4 b5 27. Nb6 Rb8 28. Na8
Nf5 29. Nc7 Bc8 30. Rxb5 Rxb5 31. Nxb5 Rd8 32. Be4 Ne7 33. Na7 f5 34. Nc6 Nxc6
35. Bxc6 e5 36. Bd5 Kg7 37. Ra1 Kf6 38. Ra7 g5 39. f3 g4 40. fxg4 fxg4 41. Ra8
Ke7 42. Kf2 Bf5 43. Ra7+ Kf6 44. Ke3 Rb8 45. Bb7 Rd8 46. Ra6+ Kg5 47. Be4 h5 48.
Rb6 Rd4 49. Rb5 Kf6 50. Bxf5 Kxf5 51. Rd5 1-0

[Event "Xtracon Chess Open 2017"]
[Site "Helsingor DEN"]
[Date "2017.07.28"]
[Round "8.35"]
[White "Nilsson, Patrik1"]
[Black "Haldorsen, Benjamin"]
[Result "0-1"]
[BlackTitle "FM"]
[WhiteElo "2152"]
[BlackElo "2370"]
[WhiteFideId "1708171"]
[BlackFideId "1512633"]
[EventDate "2017.07.22"]

1. e4 c5 2. c3 Nf6 3. e5 Nd5 4. d4 e6 5. Nf3 cxd4 6. cxd4 d6 7. exd6 Bxd6 8. Nc3
Nxc3 9. bxc3 Qc7 10. c4 O-O 11. Be2 Nd7 12. O-O e5 13. c5 Be7 14. dxe5 Nxe5 15.
Ba3 Nc6 16. Qd2 Bf5 17. Bb2 Rad8 18. Qc3 Bf6 19. Qa3 Bxb2 20. Qxb2 h6 21. Qc3
Rfe8 22. Rfe1 Qa5 23. Qxa5 Nxa5 24. Bb5 Rxe1+ 25. Rxe1 Rd5 26. Rc1 Kf8 27. h3
Ke7 28. Ba4 Kd8 29. Re1 Be6 30. Rc1 Kc7 31. Rc3 g5 32. Kf1 h5 33. Ke2 g4 34.
hxg4 hxg4 35. Nd2 Re5+ 36. Kd3 Bf5+ 37. Kd4 Re2 38. Nb3 Re4+ 0-1

[Event "Xtracon Chess Open 2017"]
[Site "Helsingor DEN"]
[Date "2017.07.28"]
[Round "8.36"]
[White "Kemarsky, Alexander"]
[Black "Haubro, Martin"]
[Result "1-0"]
[BlackTitle "IM"]
[WhiteElo "2150"]
[BlackElo "2365"]
[WhiteFideId "2814196"]
[BlackFideId "1414291"]
[EventDate "2017.07.22"]

1. e4 e5 2. Nf3 Nc6 3. Bb5 a6 4. Bxc6 dxc6 5. O-O Bg4 6. h3 Bh5 7. d3 f6 8. Be3
Bd6 9. Nbd2 c5 10. c3 Ne7 11. a4 Nc6 12. a5 O-O 13. Qb3+ Bf7 14. Nc4 Rb8 15. Qa3
Bh5 16. g4 Bf7 17. Rfd1 Qe7 18. Nfd2 Nd8 19. Nxd6 cxd6 20. d4 exd4 21. cxd4 cxd4
22. Bf4 Nc6 23. Bxd6 Qe6 24. Qc5 h5 25. Bxb8 Rxb8 26. Qf5 Qe8 27. Ra3 hxg4 28.
hxg4 Ne5 29. Rg3 Qc6 30. Nf3 Qc2 31. Rxd4 Nd3 32. Nh4 Nxb2 33. g5 Qc1+ 34. Kh2
fxg5 35. Qxg5 Qxg5 36. Rxg5 b5 37. Nf5 Nc4 38. Rd7 Ne5 39. Nh6+ Kf8 40. Rxe5 1-0

[Event "Xtracon Chess Open 2017"]
[Site "Helsingor DEN"]
[Date "2017.07.28"]
[Round "8.37"]
[White "Rietze, Clemens"]
[Black "Nielsen, Thomas Bach2"]
[Result "1-0"]
[WhiteTitle "FM"]
[WhiteElo "2343"]
[BlackElo "2144"]
[WhiteFideId "24620351"]
[BlackFideId "1401785"]
[EventDate "2017.07.22"]

1. d4 f5 2. c4 Nf6 3. Nc3 d6 4. Bg5 Nbd7 5. Qc2 e6 6. e4 fxe4 7. Nxe4 Be7 8. Nc3
e5 9. Nf3 O-O 10. dxe5 Nxe5 11. Nxe5 dxe5 12. Rd1 Qe8 13. Be2 Ng4 14. Bxe7 Qxe7
15. O-O Qh4 16. Bxg4 Qxg4 17. Qe4 Qxe4 18. Nxe4 Be6 19. b3 Rad8 20. f3 h6 21.
Kf2 Kf7 22. Nc5 Bc8 23. Ke3 b6 24. Nd3 Rfe8 25. Nb4 Bb7 26. Rd3 Rxd3+ 27. Nxd3
a5 28. Nf2 Ke6 29. Rd1 a4 30. b4 b5 31. cxb5 Bd5 32. a3 Rb8 33. Nd3 Rxb5 34.
Nc5+ Kd6 35. Nxa4 Rb8 36. Nc3 c6 37. Ne4+ Ke7 38. Nc5 g5 39. Nd3 Kf6 40. Nc5 Kf5
41. Ra1 g4 42. fxg4+ Kxg4 43. Nd7 Rb5 44. Nxe5+ Kf5 45. Nf3 Bxf3 46. Kxf3 c5 47.
Rb1 cxb4 48. axb4 h5 49. Ke3 Ke5 50. Kd3 Kd5 51. Kc3 Kc6 52. Kd4 Rg5 53. b5+ Kb6
54. Rb2 h4 55. Ke4 Rg4+ 56. Kf3 Rc4 57. Re2 Kxb5 58. Re4 Rc3+ 59. Kg4 Rc2 60.
Kh3 Rc3+ 61. Kxh4 1-0

[Event "Xtracon Chess Open 2017"]
[Site "Helsingor DEN"]
[Date "2017.07.28"]
[Round "8.38"]
[White "Bogdanov, Dimitri"]
[Black "Petersen, Tom Petri"]
[Result "1/2-1/2"]
[BlackTitle "FM"]
[WhiteElo "2139"]
[BlackElo "2338"]
[WhiteFideId "1405829"]
[BlackFideId "1403486"]
[EventDate "2017.07.22"]

1. e4 g6 2. d4 Bg7 3. Nc3 a6 4. f4 d5 5. Nxd5 e6 6. Ne3 Qxd4 7. Bd3 Qb4+ 8. Bd2
Qxb2 9. e5 Nc6 10. Ne2 Qa3 11. Rb1 Qe7 12. Be4 Qd7 13. O-O Nge7 14. Qe1 b6 15.
c4 Bb7 16. c5 b5 17. a4 Nd8 18. Bxb7 Nxb7 19. axb5 Nxc5 20. b6 cxb6 21. Rxb6 O-O
22. Bb4 Qc7 23. Ba5 Nb7 24. Qc3 Qxc3 25. Bxc3 Nc5 26. Bb4 Rfc8 27. Rc1 Na4 28.
Rb7 Rxc1+ 29. Nxc1 Nc6 30. Bd6 Na5 31. Rc7 Bf8 32. Bxf8 Kxf8 33. Ng4 Kg7 34. Nf6
Nb6 35. Nd3 Rc8 36. Ra7 1/2-1/2

[Event "Xtracon Chess Open 2017"]
[Site "Helsingor DEN"]
[Date "2017.07.28"]
[Round "8.39"]
[White "Papp, Petra"]
[Black "Chittka, Julius"]
[Result "1-0"]
[WhiteTitle "WGM"]
[WhiteElo "2337"]
[BlackElo "2137"]
[WhiteFideId "739049"]
[BlackFideId "12954772"]
[EventDate "2017.07.22"]

1. e4 c5 2. Nf3 Nc6 3. d4 cxd4 4. Nxd4 g6 5. c4 Nf6 6. Nc3 Nxd4 7. Qxd4 d6 8.
Be2 Bg7 9. Be3 O-O 10. Qd2 a5 11. O-O a4 12. Rad1 Qa5 13. Bd4 Be6 14. f4 Rfc8
15. b3 axb3 16. axb3 Qb4 17. f5 Bd7 18. Bxf6 Bxf6 19. Nd5 Qxb3 20. fxg6 hxg6 21.
Rxf6 exf6 22. Qh6 1-0

[Event "Xtracon Chess Open 2017"]
[Site "Helsingor DEN"]
[Date "2017.07.28"]
[Round "8.40"]
[White "Klings, Peter"]
[Black "Kramer, Julian"]
[Result "0-1"]
[BlackTitle "FM"]
[WhiteElo "2146"]
[BlackElo "2333"]
[WhiteFideId "4631234"]
[BlackFideId "12921742"]
[EventDate "2017.07.22"]

1. Nf3 Nf6 2. c4 c5 3. Nc3 d5 4. cxd5 Nxd5 5. e3 Nxc3 6. bxc3 g6 7. a4 Bg7 8.
Bb5+ Bd7 9. Qb3 O-O 10. Ba3 Qc7 11. d4 a6 12. Be2 cxd4 13. cxd4 Bxa4 14. Qb4 b5
15. Qb2 Nc6 16. O-O Rfc8 17. Rfc1 Qd7 18. Bc5 Na5 19. Nd2 Nb7 20. Bf3 Rab8 21.
Nb3 Bxb3 22. Bxb7 Qxb7 23. Qxb3 Rc6 24. f4 Rbc8 25. Ra2 e6 26. Qb4 Bf8 27. Kf2
h5 28. g3 Qd7 29. Rac2 Qd5 30. h3 Qe4 31. Rc3 Bxc5 32. Rxc5 Rxc5 33. Rxc5 Rxc5
34. Qxc5 Qb7 35. Qb4 a5 36. Qxa5 b4 37. Qa2 b3 38. Qb2 Qb5 39. Qb1 Qa4 0-1

[Event "Xtracon Chess Open 2017"]
[Site "Helsingor DEN"]
[Date "2017.07.28"]
[Round "8.41"]
[White "Sorensen, Hampus"]
[Black "Bjerre, Jonas Buhl"]
[Result "1/2-1/2"]
[BlackTitle "FM"]
[WhiteElo "2137"]
[BlackElo "2330"]
[WhiteFideId "8703884"]
[BlackFideId "1444948"]
[EventDate "2017.07.22"]

1. d4 Nf6 2. Bg5 c5 3. d5 Qb6 4. Nc3 Qxb2 5. Bd2 Qb6 6. e4 d6 7. f4 e5 8. Nf3
exf4 9. e5 Ng4 10. Rb1 Qd8 11. Bxf4 dxe5 12. Nxe5 Nxe5 13. Bxe5 Qe7 14. Bb5+ Kd8
15. Qe2 Bg4 16. Qe4 f6 17. Qxg4 Qxe5+ 18. Ne2 f5 19. Qf4 Bd6 20. Qxe5 Bxe5 21.
Bd3 1/2-1/2

[Event "Xtracon Chess Open 2017"]
[Site "Helsingor DEN"]
[Date "2017.07.28"]
[Round "8.43"]
[White "Risting, Eivind Olav"]
[Black "Johansen, Oivind"]
[Result "1-0"]
[WhiteTitle "FM"]
[BlackTitle "FM"]
[WhiteElo "2307"]
[BlackElo "2108"]
[WhiteFideId "1517333"]
[BlackFideId "1501119"]
[EventDate "2017.07.22"]

1. e4 c5 2. Be2 Nc6 3. f4 d5 4. exd5 Qxd5 5. Nf3 g6 6. O-O Bg7 7. Nc3 Qd7 8. Bb5
a6 9. Bxc6 Qxc6 10. Qe2 Nf6 11. d3 O-O 12. Ne5 Qc7 13. a4 b6 14. Bd2 Bb7 15.
Rae1 e6 16. b3 Rad8 17. Nc4 Rfe8 18. Kh1 Nd5 19. Ne4 Ne7 20. Ne5 f6 21. Ng4 Nd5
22. c4 f5 23. cxd5 fxe4 24. dxe4 exd5 25. e5 h5 26. f5 Bc8 27. Bg5 hxg4 28. f6
Be6 29. fxg7 Rc8 30. Bf6 Bf5 31. Qe3 Qd7 32. Qh6 Qe6 33. h3 g3 34. Rf4 Kf7 35.
Qg5 d4 36. h4 d3 37. h5 d2 38. hxg6+ Bxg6 39. Ref1 Qxb3 40. Be7+ Kxg7 41. Qf6+ 1-0

[Event "Xtracon Chess Open 2017"]
[Site "Helsingor DEN"]
[Date "2017.07.28"]
[Round "8.44"]
[White "Storme, Isak"]
[Black "Gajic, Mladen"]
[Result "0-1"]
[BlackTitle "FM"]
[WhiteElo "2129"]
[BlackElo "2300"]
[WhiteFideId "1728113"]
[BlackFideId "1709178"]
[EventDate "2017.07.22"]

1. e4 Nc6 2. Nf3 f5 3. exf5 d5 4. d4 Bxf5 5. Bd3 Qd7 6. c3 Nf6 7. O-O Bxd3 8.
Qxd3 e6 9. Re1 Bd6 10. c4 Nb4 11. Qe2 dxc4 12. Qxc4 Nbd5 13. Qe2 O-O-O 14. Qxe6
Rhe8 15. Qxd7+ Kxd7 16. Ne5+ Kc8 17. Nf3 Nb4 18. Na3 Nd3 19. Rd1 Nxc1 20. Rdxc1
Bxa3 21. bxa3 Rd6 22. Re1 Ra6 23. Rxe8+ Nxe8 24. Re1 Nd6 25. Re3 b5 26. Ng5 h6
27. Ne6 Nc4 28. Re2 Rxa3 29. Nxg7 Rd3 30. f4 Rd1+ 31. Kf2 Rxd4 32. f5 Nd6 33. g3
Rg4 34. Re7 Ra4 35. f6 Rxa2+ 36. Ke3 b4 37. Kd3 Rf2 38. Ne6 Rxf6 39. Rxc7+ Kb8
40. Re7 Rf3+ 41. Kc2 b3+ 42. Kb1 Re3 43. Nd4 Rxe7 44. Nc6+ Kb7 45. Nxe7 Nc4 46.
Nf5 a5 47. g4 a4 48. Nd4 Kb6 49. h4 Kc5 50. Nf3 Kb4 51. g5 Kc3 0-1

[Event "Xtracon Chess Open 2017"]
[Site "Helsingor DEN"]
[Date "2017.07.28"]
[Round "8.45"]
[White "Kunz, Andre"]
[Black "Veng, Johnni"]
[Result "1-0"]
[BlackTitle "FM"]
[WhiteElo "2103"]
[BlackElo "2279"]
[WhiteFideId "24623652"]
[BlackFideId "1408623"]
[EventDate "2017.07.22"]

1. e4 e6 2. d4 c5 3. Nf3 cxd4 4. c3 d3 5. Bxd3 d6 6. c4 Nf6 7. Nc3 Nbd7 8. h3 b6
9. Qe2 Bb7 10. O-O Be7 11. Rd1 O-O 12. Bf4 a6 13. Rac1 Qc7 14. Bb1 Ne5 15. Nxe5
dxe5 16. Be3 Bc6 17. f3 Qb7 18. Qf2 b5 19. Bd3 Rfc8 20. Nb1 Be8 21. Nd2 b4 22.
Nb3 Ba4 23. Bc2 Be8 24. Bd3 a5 25. Nd2 Rd8 26. Be2 a4 27. b3 axb3 28. axb3 Ra2
29. Ra1 Qa8 30. Qe1 Ra3 31. Rac1 Nd7 32. c5 Nb8 33. Nb1 Rxb3 34. Rxd8 Bxd8 35.
Qd1 Rxe3 36. Qxd8 Qc6 37. Kf2 Rb3 38. Qxb8 Rb2 39. Ke1 g5 40. Qxe5 1-0

[Event "Xtracon Chess Open 2017"]
[Site "Helsingor DEN"]
[Date "2017.07.28"]
[Round "8.46"]
[White "Wecker, Martin"]
[Black "Rosenkilde, Alexander"]
[Result "1-0"]
[WhiteElo "2095"]
[BlackElo "2274"]
[WhiteFideId "12931462"]
[BlackFideId "1408488"]
[EventDate "2017.07.22"]

1. Nf3 c5 2. c4 Nc6 3. d4 cxd4 4. Nxd4 Nf6 5. Nc3 g6 6. e4 d6 7. Be2 Bg7 8. Be3
O-O 9. Qd2 Ng4 10. Bxg4 Bxg4 11. f3 Bd7 12. Rc1 Re8 13. O-O Ne5 14. b3 Qa5 15.
h3 a6 16. f4 Nc6 17. f5 Ne5 18. Rcd1 Bc6 19. Nd5 Qxd2 20. Rxd2 Bxd5 21. exd5
Rec8 22. Bg5 Re8 23. g4 Nd7 24. Re1 Be5 25. Ree2 Kg7 26. Kg2 Nc5 27. Kf3 a5 28.
Nb5 Rac8 29. Bf4 Bxf4 30. Kxf4 a4 31. Re3 Nd7 32. Rde2 Ne5 33. g5 gxf5 34. Kxf5
axb3 35. axb3 b6 36. Ra2 1-0

[Event "Xtracon Chess Open 2017"]
[Site "Helsingor DEN"]
[Date "2017.07.28"]
[Round "8.47"]
[White "Nielsen, Andre"]
[Black "Ranaldi, Lucas"]
[Result "0-1"]
[BlackTitle "FM"]
[WhiteElo "2094"]
[BlackElo "2269"]
[WhiteFideId "1518240"]
[BlackFideId "1519484"]
[EventDate "2017.07.22"]

1. e4 c6 2. d4 d5 3. e5 Bf5 4. h4 h5 5. c4 e6 6. Nc3 Ne7 7. Bg5 dxc4 8. Bxc4 Nd7
9. Nge2 f6 10. exf6 gxf6 11. Be3 Nb6 12. Bd3 Qd7 13. Nf4 O-O-O 14. Ne4 Ned5 15.
Nxd5 Nxd5 16. O-O Nxe3 17. fxe3 Bxe4 18. Bxe4 f5 19. Bc2 Bd6 20. a4 Qe7 21. Bb3
Rh6 22. Rf3 Qxh4 23. Rh3 Qg5 24. Qf3 h4 25. a5 a6 26. Bc4 Qg4 27. Rc1 Bg3 28.
Qf1 Qe4 29. Rc3 Kb8 30. Rb3 Ka7 31. Kh1 Rb8 32. Be2 Qd5 33. Ra3 Bd6 34. Bc4 Qe4
35. Rb3 Bc7 36. Be2 Qd5 37. Rc3 Rg8 38. Rc5 Qd6 39. Bf3 Rg3 40. Qf2 Rxh3+ 41.
gxh3 Kb8 42. b4 Rg6 43. Rc2 Rg3 44. Qf1 Qxb4 0-1

[Event "Xtracon Chess Open 2017"]
[Site "Helsingor DEN"]
[Date "2017.07.28"]
[Round "8.48"]
[White "Stojanovski, Sandi"]
[Black "Vesterli, Michael E."]
[Result "0-1"]
[WhiteTitle "FM"]
[WhiteElo "2268"]
[BlackElo "2073"]
[WhiteFideId "1403249"]
[BlackFideId "1417339"]
[EventDate "2017.07.22"]

1. c4 Nf6 2. g3 g6 3. Bg2 Bg7 4. Nc3 O-O 5. e4 d6 6. Nge2 Nc6 7. O-O e5 8. d3
Nd7 9. f4 Nc5 10. f5 a5 11. Nd5 f6 12. Be3 Nb4 13. Nxb4 axb4 14. a3 bxa3 15. b4
Na6 16. Rxa3 Bd7 17. c5 Kh8 18. Qb3 Qe7 19. c6 bxc6 20. Rfa1 Bc8 21. Qc4 Qd7 22.
g4 Bb7 23. Nc3 Qc8 24. d4 exd4 25. Bxd4 g5 26. Bf2 Re8 27. Bf1 c5 28. Nd5 Nxb4
29. Rxa8 Bxa8 30. Ra7 Nxd5 31. exd5 Qb8 32. Ra3 c6 33. dxc6 Bxc6 34. Qf7 Qb4 35.
Ra7 Qxg4+ 36. Bg3 Rg8 37. Re7 Qxf5 38. Bc4 d5 39. Bf1 Qb1 40. Kf2 Qb2+ 41. Re2
Qd4+ 42. Kg2 Qg4 43. Re6 d4+ 44. Rxc6 Qe4+ 45. Kg1 Qxc6 46. Bc4 Rd8 47. Bd3 Qe8
48. Qc4 Qe7 49. Bf2 Ra8 50. Qd5 Rf8 51. Qf5 Bh6 52. Qh3 Qg7 53. Qg4 f5 54. Qg2
Qe5 55. Qc6 Bg7 56. Qd7 Qf4 57. Qe6 Qg4+ 0-1

[Event "Xtracon Chess Open 2017"]
[Site "Helsingor DEN"]
[Date "2017.07.28"]
[Round "8.49"]
[White "Roe, Simon J"]
[Black "Salerno, Christian"]
[Result "1-0"]
[WhiteElo "2253"]
[BlackElo "2056"]
[WhiteFideId "401471"]
[BlackFideId "1310810"]
[EventDate "2017.07.22"]

1. c4 Nf6 2. Nc3 d5 3. cxd5 Nxd5 4. g3 g6 5. Bg2 c6 6. Nxd5 cxd5 7. Qb3 e6 8. d3
Bg7 9. Nf3 Nc6 10. h4 h5 11. O-O O-O 12. Be3 b6 13. Qc2 Bb7 14. Qd2 Rc8 15. Bh6
Qf6 16. Bxg7 Kxg7 17. d4 Qe7 18. Rfc1 Rc7 19. Rc3 Rfc8 20. Rac1 Na5 21. Rxc7
Rxc7 22. Rxc7 Qxc7 23. Ne5 Nc6 24. Qc1 Qd6 25. Qh6+ Kxh6 26. Nxf7+ Kg7 27. Nxd6
Ba6 28. e3 Kf8 29. Bf1 Bxf1 30. Kxf1 Ke7 31. Nb5 Nb4 32. Nxa7 Nxa2 33. Nc8+ Kf6
34. Nxb6 g5 35. hxg5+ Kxg5 36. Nd7 Nb4 37. Ke2 Nc6 38. Nc5 Kf5 39. Nd3 1-0

[Event "Xtracon Chess Open 2017"]
[Site "Helsingor DEN"]
[Date "2017.07.28"]
[Round "8.50"]
[White "Molvig, Henrik"]
[Black "Jaksland, Tim"]
[Result "0-1"]
[WhiteTitle "CM"]
[BlackTitle "FM"]
[WhiteElo "2090"]
[BlackElo "2227"]
[WhiteFideId "1402625"]
[BlackFideId "1401084"]
[EventDate "2017.07.22"]

1. d4 Nf6 2. c4 c5 3. d5 b5 4. cxb5 a6 5. b6 d6 6. Nc3 Nbd7 7. e4 Rb8 8. Nf3 g6
9. Be2 Bg7 10. O-O O-O 11. Nd2 Nxb6 12. a4 Nfd7 13. f4 f5 14. exf5 gxf5 15. Nf3
h6 16. Bd3 Nf6 17. Bc2 Qe8 18. Re1 Qf7 19. Nh4 Nfxd5 20. Nxd5 Nxd5 21. Ra3 e6
22. Rg3 Kh7 23. Rg6 Bd4+ 24. Kh1 Ne7 25. Rg3 Bf2 26. Qxd6 Bxe1 27. Qxb8 Bxg3 28.
hxg3 Nd5 29. Qd6 Bb7 30. Bd2 Rg8 31. Kh2 Re8 32. g4 Qf6 33. g5 hxg5 34. fxg5 Qe7
35. Bxf5+ exf5 36. Qh6+ Kg8 37. Qg6+ Kh8 38. Qh6+ Qh7 39. Bc3+ Nxc3 40. Qf6+ Qg7 0-1

[Event "Xtracon Chess Open 2017"]
[Site "Helsingor DEN"]
[Date "2017.07.28"]
[Round "8.51"]
[White "Petersson, Baldur Teodor"]
[Black "Laustsen, Lars"]
[Result "1-0"]
[WhiteElo "2086"]
[BlackElo "2204"]
[WhiteFideId "2309157"]
[BlackFideId "1407554"]
[EventDate "2017.07.22"]

1. e4 c5 2. Nc3 Nc6 3. g3 g6 4. Bg2 Bg7 5. d3 d6 6. Be3 e5 7. Qd2 Nge7 8. f4 O-O
9. Nge2 Nd4 10. O-O Bg4 11. h3 Be6 12. Rf2 Qd7 13. Kh2 Rad8 14. Raf1 b6 15. f5
gxf5 16. Bh6 fxe4 17. Bxg7 Kxg7 18. Rf6 Nf3+ 19. Bxf3 Kxf6 20. Nxe4+ Kg7 21. Nf6
Kxf6 22. Bc6+ Kg6 23. Bxd7 Rxd7 24. g4 f5 25. gxf5+ Nxf5 26. Ng3 Rdf7 27. Ne4 h6
28. Qe2 Rg8 29. Rg1+ Kh7 30. Rxg8 Kxg8 31. Qh5 Kg7 32. Qg4+ Kh8 33. Qg6 Rg7 34.
Qxe6 1-0

[Event "Xtracon Chess Open 2017"]
[Site "Helsingor DEN"]
[Date "2017.07.28"]
[Round "8.52"]
[White "Schmidt, Kristen"]
[Black "Kocur, Johan"]
[Result "1-0"]
[WhiteElo "2201"]
[BlackElo "2055"]
[WhiteFideId "1400436"]
[BlackFideId "202614"]
[EventDate "2017.07.22"]

1. e4 c5 2. Nf3 e6 3. Nc3 d6 4. Bb5+ Bd7 5. a4 Nc6 6. O-O Nf6 7. Re1 Be7 8. d4
cxd4 9. Nxd4 O-O 10. Bg5 h6 11. Bh4 Qc7 12. Bxc6 bxc6 13. e5 dxe5 14. Bg3 Bd6
15. Nf3 Rfd8 16. Nxe5 Be8 17. Qf3 Nd5 18. Rad1 Bb4 19. Nd3 Qa5 20. Nxb4 Qxb4 21.
Be5 Nxc3 22. Bxc3 Qe7 23. Rxd8 Rxd8 24. Qe4 Rd5 25. h4 Bd7 26. Re3 f6 27. Bd4 a6
28. c4 f5 29. Qf4 Qd6 30. Be5 Rd1+ 31. Kh2 Qe7 32. Rg3 Be8 33. Qxh6 Rd7 34.
Rxg7+ Qxg7 35. Bxg7 Rxg7 36. Qxe6+ Bf7 37. Qxc6 Rg4 38. Qc8+ Kg7 39. b3 Rxh4+
40. Kg1 Bg6 41. Qxa6 1-0

[Event "Xtracon Chess Open 2017"]
[Site "Helsingor DEN"]
[Date "2017.07.28"]
[Round "8.53"]
[White "Schack, Asbjorn Hovgaard"]
[Black "Bach, Matthias"]
[Result "0-1"]
[BlackTitle "FM"]
[WhiteElo "2053"]
[BlackElo "2200"]
[WhiteFideId "1449575"]
[BlackFideId "4603168"]
[EventDate "2017.07.22"]

1. d4 Nf6 2. c4 c5 3. d5 e6 4. Nc3 exd5 5. cxd5 d6 6. e4 g6 7. Bd3 Bg7 8. h3 O-O
9. Bg5 h6 10. Be3 a6 11. a4 Nbd7 12. Nf3 Rb8 13. O-O Re8 14. Qd2 Kh7 15. Bf4 Qc7
16. Rfe1 Nh5 17. Be3 Ne5 18. Nxe5 dxe5 19. Ne2 a5 20. Rac1 b6 21. b4 axb4 22.
Qxb4 Qa7 23. Qb3 f5 24. exf5 gxf5 25. g4 Nf6 26. Bxf5+ Bxf5 27. gxf5 Rg8 28. Ng3
Bf8 29. Kh2 Bd6 30. Rc4 e4 31. Qb2 Qg7 32. Rg1 Ng4+ 33. hxg4 Qxb2 34. Kg2 Rxg4 0-1